Devinez le Département Mystère #76 - Statistiques

Statistiques générales
  • Ce quiz a été pris 167 fois
  • Le résultat moyen est 28 sur 37
Statistiques - réponses
Type de Réponse Réponse % Correct
Lettre Trouvée E
100%
Lettre Trouvée A
98%
Lettre Trouvée D
98%
Lettre de l'Alphabet I
98%
Lettre Trouvée L
98%
Lettre Trouvée N
98%
Lettre de l'Alphabet S
98%
Lettre de l'Alphabet O
97%
Lettre Trouvée R
97%
Lettre de l'Alphabet T
95%
Lettre de l'Alphabet U
91%
Lettre de l'Alphabet H
90%
Lettre de l'Alphabet C
86%
Lettre de l'Alphabet P
84%
Lettre Trouvée V
84%
Lettre de l'Alphabet G
83%
Lettre Trouvée M
80%
Lettre de l'Alphabet B
73%
Lettre de l'Alphabet Y
71%
Lettre de l'Alphabet F
66%
Lettre de l'Alphabet Q
66%
Lettre de l'Alphabet X
64%
Lettre de l'Alphabet J
63%
Lettre de l'Alphabet Z
59%
Lettre Bien Placée A
58%
Lettre Bien Placée A
58%
Lettre Bien Placée D
58%
Lettre Bien Placée E
58%
Lettre Bien Placée E
58%
Lettre de l'Alphabet K
58%
Lettre Bien Placée L
58%
Lettre Bien Placée M
58%
Lettre Bien Placée N
58%
Lettre Bien Placée R
58%
Lettre Bien Placée V
58%
Département Mystère Val-de-Marne
58%
Lettre de l'Alphabet W
58%
Aucun quiz correspondant
Distribution des résultats
% des personnes avec chaque résultat
Percentile par nombre de réponses
Votre historique - résultats
Vous n’avez pas pris ce quiz